000 00364nam a2200145Ia 4500
008 151213s9999 xx 000 0 und d
100 _aFernald Vincent
245 _aManual Of Practiced Management
_cFernald Vincent
260 _bI R E D
_c1989
300 _a8676 p.
650 _aManagement
650 _aManagement
700 _aFernald Vincent
999 _c4462
_d4462